000 00637nam a2200217 i 4500
001 149812
003 ES-MaACL
005 20230906203251.0
007 t|
008 071024s1948 sp ||||1| spa d
100 1 _aVan der Meersch, Maxence.
_9113032
245 1 3 _aLa casa de las dunas /
_cMaxence van der Meersch ; [traducción del francés por Dolores Serra].
250 _a[1ª ed.].
260 _aBarcelona :
_bLara,
_c[1948]
300 _a171 p. ;
_c19 cm.
490 1 _aHorizonte
700 1 _aSerra, Dolores.
_9105604
830 0 _aHorizonte
_9180916
852 _aES-MaACL
_jE-1139
_bR.28501
999 _c149812
_d149812